Music Quiz

Random Music Quiz

Guitarists by signature guitars Quiz Stats

 Plays Quiz not verified by Sporcle

Score 0/11 Timer 10:00
0 Plays Today
Signature guitar Guitarist % Correct
????
100%
????
79.2%
????
68.2%
????
35.4%
????
25%
????
22.4%
????
20.8%
????
17.9%
????
17.5%
????
17.2%
????
16%

You're not logged in!

Compare scores with friends on all Sporcle quizzes.
OR
Log In

Show Comments

Extras

Created Nov 10, 2010ReportNominate
Tags:guitar, guitarist, signature

Top Quizzes Today


Score Distribution

Your Account Isn't Verified!

In order to create a playlist on Sporcle, you need to verify the email address you used during registration. Go to your Sporcle Settings to finish the process.

Report this User

Report this user for behavior that violates our Community Guidelines.

Details: